| 000 | 01276nam a22002177a 4500 | ||
|---|---|---|---|
| 999 |
_c57215 _d57215 |
||
| 003 | Ge_BSU | ||
| 005 | 20200120115851.0 | ||
| 008 | 200120s2010 ||||| |||| 00| 0 geo d | ||
| 020 | _a9789941022890 (პირველი ნაწილი) | ||
| 041 | _ageo | ||
| 080 | _a665.6(083.7) ჩ-96 | ||
| 100 |
_aჩხაიძე, დავით. _95253 |
||
| 245 |
_aგაზომვების მეთოდების შემმუშავებელი ამერიკული საზოგადოების (ASTM) ზოგიერთი სტანდარტული ანალიზის მიმოხილვა : ნაწ.1 : _bდამხმარე ლიტერატურა ნავთობისა და გაზის სპეციალობისათვის / _cდავით ჩხაიძე ; მადონა ლორია ; რედ. ანზორ აბშილავა. |
||
| 264 |
_aბათუმი, _c2010. |
||
| 300 |
_a40 გვ .: _c20 სმ. |
||
| 653 | _aგაზი | ||
| 653 | _aნავთობი | ||
| 700 |
_aლორია, მადონა _95254 |
||
| 700 |
_aაბშილავა, ანზორ _eრედაქტორი _96248 |
||
| 942 |
_2udc _cBK |
||